Postacie przynoszące prezenty na Święta - Statystyki

Ogólne statystyki
  • Ten quiz został rozwiązany 329 razy
  • Średni wynik to 4 z 7
Statystyki odpowiedzi
Opis Postać % Poprawnych
Pojawia się najczęściej na świecie, w tym w wielu obszarach Polski. Tradycyjnie mieszka w chatce w Finlandii, w pobliżu granicy z Rosją, oficjalnie w Rovaniemi, a według Amerykanów na Biegunie Północnym. Święty Mikołaj
99%
Przynosi prezenty dzieciom w krajach byłego ZSRR i w niektórych miejscach na wschodzie Polski. Jego siedzibą jest rosyjski Wielki Ustiug. Ma wnuczkę Śnieżynkę. Dziadek Mróz
82%
Dzieci wielkopolskie, kujawskie i kaszubskie odpytuje z pacierza i wręcza prezenty. W standardowej polszczyźnie jego imię jest synonimem celebryty. Gwiazdor
71%
Odwiedza domy na Górnym Śląsku, a także w Czechach oraz południowej części niemieckojęzycznego świata. Dzieciątko
44%
Hiszpańskie dzieci muszą czekać na nich aż do 6 stycznia, by móc cieszyć się prezentami. Trzej Królowie
42%
Obszarem jej działania jest wschodnia część Dolnego Śląska oraz duża część Małopolski. Gwiazdka
31%
Najczęściej przynosi prezenty dzieciom z okolic Bielska-Białej, a w mniejszym stopniu także w Małopolsce. Pojawia się też w niektórych regionach Węgier. Aniołek
26%
Nie znaleziono quizów pasujących do podanych kryteriów
Rozkład punktacji
Procent ludzi z każdym wynikiem
Percentyl według liczby udzielonych odpowiedzi
Twoja historia wyników
Nie rozwiązałeś tego quizu